La historia literaria

Kaydedildi:
Detaylı Bibliyografya
Yazar: Tacca, Oscar Ernesto (Yazar)
Materyal Türü: Kitap
Dil:İspanyolca
Baskı/Yayın Bilgisi: Madrid Gredos 1968
Konular:
Etiketler: Etiketle
Etiket eklenmemiş, İlk siz ekleyin!

MARC

LEADER 00000nam a2200000 a 4500
001 UCX5418
003 CL-VaPUC
008 921112e19680000SP |||||||||||||||||spa|d
082 0 4 |a 809  |b TAC  |2 21 
100 0 |a Tacca, Oscar Ernesto  |e author  |9 321700 
245 1 3 |a La historia literaria 
300 |a 204 p 
942 |c BK 
945 |d 19921112 00:00:00 
260 |a Madrid  |b Gredos  |c 1968 
650 7 |a LITERATURA HISTORIA Y CRITICA  |2 CL-VaPUC  |9 321701 
583 |a last modification  |c 19921112 00:00:00  |k Rodrigo Vera 
999 |c 225668  |d 225666 
952 |0 0  |1 0  |4 0  |6 809_000000000000000_TAC_1968  |7 0  |8 A  |9 223407  |a BIBEDU  |b BIBEDU  |d 2019-11-15  |i 2922312  |o 809 TAC 1968  |p 2922312  |r 2019-11-15  |w 2019-11-15  |y BK  |k LIT